Czy pamiętasz ten mecz? #1 Legia Warszawa - Real Madryt - Statystyki

Ogólne statystyki
  • Ten quiz został rozwiązany 1 169 razy
    1 088 od ostatniego zresetowania
  • Średni wynik to 17 z 30
Statystyki odpowiedzi
Pozycja Skład % Poprawnych
Lewy pomocnik Cristiano Ronaldo
89%
Bramkarz Arkadiusz Malarz
88%
Prawy pomocnik Gareth Bale
84%
Napastnik Karim Benzema
82%
Bramkarz Keylor Navas
80%
Środkowy obrońca Michał Pazdan
78%
Trener Zinedine Zidane
73%
Prawy pomocnik Miroslav Radović
70%
Napastnik Nemanja Nikolic
70%
Trener Jacek Magiera
69%
Środkowy pomocnik Vadis Odjidja-Ofoe
68%
Zmiana Aleksandar Prijović
67%
Defensywny pomocnik Thibault Moulin
66%
Środkowy pomocnik Toni Kroos
66%
Prawy obrońca Daniel Carvajal
64%
Środkowy obrońca Raphael Varane
62%
Prawy obrońca Adam Hlousek
53%
Środkowy pomocnik Mateo Kovacić
52%
Zmiana Michał Kucharczyk
52%
Środkowy obrońca Jakub Rzeźniczak
50%
Lewy obrońca Bartosz Bereszyński
49%
Lewy pomocnik Guilherme
46%
Defensywny pomocnik Michał Kopczyński
43%
Napastnik Alvaro Morata
40%
Zmiana Marco Asensio
40%
Lewy obrońca Fabio Coentrao
37%
Środkowy obrońca Nacho Fernandez
35%
Zmiana Tomasz Jodłowiec
31%
Zmiana Lucas Vazquez
27%
Zmiana Mariano Diaz
15%
Nie znaleziono quizów pasujących do podanych kryteriów
Rozkład punktacji
Procent ludzi z każdym wynikiem
Percentyl według liczby udzielonych odpowiedzi
Twoja historia wyników
Nie rozwiązałeś tego quizu od ostatniego zresetowania